[Event "SVK-chT2B 1718"]
[Site "Slovakia"]
[Date "2018.03.18"]
[Round "11.2"]
[White "Kukucka, Matej"]
[Black "Szeko, Ludovit"]
[Result "1-0"]
[WhiteElo "2094"]
[BlackElo "2061"]
[PlyCount "55"]
[EventDate "2017.10.28"]
[EventType "team-tourn"]
[EventRounds "11"]
[EventCountry "SVK"]
[SourceTitle "EXT 2020"]
[Source "ChessBase"]
[SourceDate "2019.10.17"]
[SourceVersion "1"]
[SourceVersionDate "2019.10.17"]
[SourceQuality "1"]
[WhiteTeam "Povazske Podhradie"]
[BlackTeam "Nove Zamky"]
[WhiteTeamCountry "SVK"]
[BlackTeamCountry "SVK"]

1. d4 Nf6 2. c4 c5 3. d5 d6 4. Nc3 g6 5. e4 Bg7 6. Bd3 0-0 7. h3 e5 8. Be3 a6 9. Nge2 b6 10. Qd2 Ra7 11. g4 Kh8 12. Ng3 Ng8 13. g5 Re8 14. h4 Bf8 15. h5 Rb7 16. f3 Ree7 17. 0-0-0 Qe8 18. f4 exf4 19. Bxf4 Qd7 20. a4 Re5 21. Bxe5+ dxe5 22. Rdf1 Bd6 23. Rh4 Qe8 24. Rfh1 Kg7 25. hxg6 hxg6 26. Rh8 f5 27. Qh2 Kf8 28. Rxg8+ 1-0

[Event "SVK-chT2B 1718"]
[Site "Slovakia"]
[Date "2018.01.13"]
[Round "5.1"]
[White "Nagy, Tomas"]
[Black "Szeko, Ludovit"]
[Result "1-0"]
[WhiteElo "2234"]
[BlackElo "2065"]
[PlyCount "83"]
[EventDate "2017.10.28"]
[EventType "team-tourn"]
[EventRounds "11"]
[EventCountry "SVK"]
[SourceTitle "EXT 2019"]
[Source "ChessBase"]
[SourceDate "2018.10.10"]
[SourceVersion "1"]
[SourceVersionDate "2018.10.10"]
[SourceQuality "1"]
[WhiteTeam "Sala Slovan Duslo"]
[BlackTeam "Nove Zamky"]
[WhiteTeamCountry "SVK"]
[BlackTeamCountry "SVK"]

1. d4 Nf6 2. c4 g6 3. Nc3 Bg7 4. Nf3 0-0 5. g3 d6 6. Bg2 Nbd7 7. 0-0 a6 8. b3 Rb8 9. a4 c6 10. Qc2 Ne8 11. Rd1 h6 12. Bb2 Ndf6 13. h3 d5 14. e4 dxe4 15. Nxe4 Bf5 16. Nxf6+ Nxf6 17. Qe2 Qb6 18. Ra3 Rfe8 19. a5 Qc7 20. Ne5 Rbd8 21. b4 Bc8 22. Re1 Nd7 23. f4 Nxe5 24. fxe5 Be6 25. Kh2 Rd7 26. Rf1 h5 27. Rf2 Rf8 28. Qc2 Rdd8 29. Ra1 Bh6 30. Re1 Qc8 31. Qb3 Bg7 32. d5 cxd5 33. cxd5 Bf5 34. Rc1 Qb8 35. Qe3 Rc8 36. Rc5 Bd7 37. Qg5 Rxc5 38. bxc5 Qd8 39. e6 f6 40. Qxg6 Be8 41. Qf5 Qxa5 42. Be4 1-0

[Event "SVK-chT2B 1718"]
[Site "Slovakia"]
[Date "2017.10.29"]
[Round "2.2"]
[White "Jakab, Bela"]
[Black "Szeko, Ludovit"]
[Result "0-1"]
[WhiteElo "2151"]
[BlackElo "2065"]
[PlyCount "110"]
[EventDate "2017.10.28"]
[EventType "team-tourn"]
[EventRounds "11"]
[EventCountry "SVK"]
[SourceTitle "CBM 181 Extra"]
[Source "ChessBase"]
[SourceDate "2017.12.12"]
[SourceVersion "1"]
[SourceVersionDate "2017.12.12"]
[SourceQuality "1"]
[WhiteTeam "Komarno II"]
[BlackTeam "Nove Zamky"]
[WhiteTeamCountry "SVK"]
[BlackTeamCountry "SVK"]

1. e4 g6 2. d4 Bg7 3. Nc3 d6 4. f4 a6 5. Nf3 b5 6. a3 Bb7 7. Bd3 Nd7 8. 0-0 c5 9. Be3 cxd4 10. Nxd4 Ngf6 11. Kh1 0-0 12. Nb3 Rc8 13. Qe2 e6 14. Rad1 Re8 15. Bg1 e5 16. f5 Nh5 17. Qf3 Ndf6 18. Be3 Rxc3 19. bxc3 Qa8 20. Na5 Bxe4 21. Bxe4 Qxe4 22. fxg6 hxg6 23. Rxd6 Qxc2 24. Qc6 Re6 25. Rxe6 fxe6 26. Qxe6+ Kh7 27. Bg1 Nf4 28. Rxf4 exf4 29. h3 Qxc3 30. Nc6 f3 31. Bd4 Qc1+ 32. Kh2 Qf4+ 33. Kg1 Qg3 34. Qa2 Ne4 35. Qc2 Qe1+ 36. Kh2 f2 37. Bxf2 Nxf2 38. a4 bxa4 39. Qxa4 Ne4 40. Qxa6 Qg3+ 41. Kg1 Ng5 42. Kf1 Qf4+ 43. Kg1 Ne6 44. Qb5 Qe3+ 45. Kh2 Bh6 46. Qb7+ Ng7 47. Qb1 Bf4+ 48. Kh1 Qg3 49. Qg1 Nf5 50. Nd8 Nd4 51. Nf7 Ne2 52. Ng5+ Qxg5 53. Qa7+ Kh6 54. Qf7 Bd6 55. Qe8 Qc1# 0-1

[Event "SVK-chT 1718"]
[Site "Slovakia"]
[Date "2017.10.01"]
[Round "2.2"]
[White "Szeko, Ludovit"]
[Black "Tauber, Marek"]
[Result "1-0"]
[WhiteElo "2044"]
[BlackElo "2129"]
[PlyCount "119"]
[EventDate "2017.09.30"]
[EventType "team-tourn"]
[EventRounds "11"]
[EventCountry "SVK"]
[SourceTitle "EXT 2018"]
[Source "ChessBase"]
[SourceDate "2017.10.13"]
[SourceVersion "1"]
[SourceVersionDate "2017.10.13"]
[SourceQuality "1"]
[WhiteTeam "Podhajska Aquamarin"]
[BlackTeam "Kosice Slavia UPJS"]
[WhiteTeamCountry "SVK"]
[BlackTeamCountry "SVK"]

1. e4 c5 2. Nf3 Nc6 3. d4 cxd4 4. Nxd4 e5 5. Nb5 a6 6. N5c3 Nf6 7. a4 Bb4 8. Bc4 0-0 9. 0-0 h6 10. Be3 d6 11. Qe2 Bg4 12. f3 Be6 13. Rd1 Nd4 14. Bxd4 exd4 15. Na2 Bc5 16. Bd3 Nh5 17. g3 Qg5 18. Qg2 f5 19. exf5 Bxf5 20. f4 Qg4 21. Nd2 Nf6 22. Re1 Rae8 23. b4 Ba7 24. Qxb7 Bb8 25. Qf3 Qg6 26. b5 axb5 27. axb5 d5 28. Nb4 Be4 29. Nc6 Bd6 30. f5 Qg5 31. Nxe4 dxe4 32. Bxe4 Nxe4 33. Rxe4 Rxe4 34. Qxe4 Qxf5 35. Qxf5 Rxf5 36. Rb1 Bc5 37. Kg2 Rf6 38. Rd1 Bb6 39. Nxd4 Rd6 40. c3 Rd5 41. Rb1 Kf7 42. Kf3 Ke7 43. Ke4 Rg5 44. Kd3 Kd6 45. Kc4 g6 46. Rf1 Rg4 47. Rf7 h5 48. Rf6+ Kc7 49. Rf4 Rxf4 50. gxf4 Kd6 51. Kd3 Kd7 52. h3 Kd6 53. c4 Ba5 54. Nb3 Bd8 55. Ke4 g5 56. c5+ Ke6 57. Nd4+ Kd7 58. fxg5 Bxg5 59. Kd5 Bd8 60. b6 1-0

[Event "SVK-chT2B 1617"]
[Site "Slovakia"]
[Date "2017.02.12"]
[Round "9.2"]
[White "Szeko, Ludovit"]
[Black "Pytlik, Pavol"]
[Result "0-1"]
[WhiteElo "2059"]
[BlackElo "2074"]
[PlyCount "164"]
[EventDate "2016.10.08"]
[EventType "team-tourn"]
[EventRounds "11"]
[EventCountry "SVK"]
[SourceTitle "EXT 2018"]
[Source "ChessBase"]
[SourceDate "2017.10.13"]
[SourceVersion "1"]
[SourceVersionDate "2017.10.13"]
[SourceQuality "1"]
[WhiteTeam "Nove Zamky"]
[BlackTeam "Trencin"]
[WhiteTeamCountry "SVK"]
[BlackTeamCountry "SVK"]

1. Nf3 Nf6 2. g3 g6 3. Bg2 Bg7 4. 0-0 0-0 5. d3 d6 6. c3 c5 7. Qc2 Nc6 8. e4 e5 9. a4 h6 10. Re1 b6 11. Nbd2 a6 12. Nc4 Be6 13. Ne3 Kh7 14. Nd2 Nh5 15. Nd5 Ne7 16. Nc4 Bxd5 17. exd5 Rb8 18. Nd2 f5 19. c4 Kh8 20. Rb1 a5 21. Qd1 Qd7 22. b3 Ng8 23. Rf1 Rbe8 24. Nf3 Nhf6 25. Nh4 Kh7 26. Bb2 g5 27. Nf3 Ne7 28. Nd2 Ng6 29. Bh3 g4 30. Bg2 f4 31. Be4 f3 32. Re1 Nxe4 33. Rxe4 Nh8 34. Nf1 h5 35. Bc1 Ng6 36. Bd2 Ne7 37. Ne3 Bh6 38. Qf1 Ng8 39. h4 Nf6 40. Re1 Kg8 41. Bc3 Nxe4 42. dxe4 Rf7 43. Qd3 Ref8 44. Bd2 Bg7 45. Bc1 Rf6 46. Kf1 Qf7 47. Nd1 Qg6 48. Bg5 R6f7 49. Qe3 Kh7 50. Nc3 Rg8 51. Nb5 Bf8 52. Nc3 Rd7 53. Rd1 Qe8 54. Ke1 Rf7 55. Rd2 Rg6 56. Kd1 Rfg7 57. Kc2 Rxg5 58. hxg5 Be7 59. Rd1 Bxg5 60. Qd3 Qg6 61. Rh1 Kg8 62. Nb5 Rh7 63. Rg1 Kf8 64. Nc3 h4 65. gxh4 Rxh4 66. Rg3 Qh5 67. Nd1 Bf4 68. Rg1 Rh2 69. Kc3 Rh1 70. Qf1 Rxg1 71. Qxg1 Qh3 72. Kb2 Qg2 73. Qe1 g3 74. Kc3 gxf2 75. Nxf2 Bg3 76. Qh1 Bxf2 77. Qh8+ Kf7 78. Qh7+ Kf6 79. Qf5+ Kg7 80. Qd7+ Kh6 81. Qe6+ Kg5 82. Qf5+ Kh4 0-1

[Event "SVK-chT2B 1617"]
[Site "Slovakia"]
[Date "2016.11.06"]
[Round "4.2"]
[White "Kukucka, Matej"]
[Black "Szeko, Ludovit"]
[Result "1/2-1/2"]
[WhiteElo "2146"]
[BlackElo "2059"]
[PlyCount "33"]
[EventDate "2016.10.08"]
[EventType "team-tourn"]
[EventRounds "11"]
[EventCountry "SVK"]
[SourceTitle "CBM 175 Extra"]
[Source "ChessBase"]
[SourceDate "2016.12.12"]
[SourceVersion "1"]
[SourceVersionDate "2016.12.12"]
[SourceQuality "1"]
[WhiteTeam "Povazske Podhradie"]
[BlackTeam "Nove Zamky"]
[WhiteTeamCountry "SVK"]
[BlackTeamCountry "SVK"]

1. d4 Nf6 2. c4 g6 3. Nc3 Bg7 4. e4 0-0 5. f4 c5 6. dxc5 Na6 7. Bd3 Nxc5 8. Nf3 d6 9. 0-0 Bg4 10. Kh1 a6 11. Be3 Rc8 12. Rc1 Nxd3 13. Qxd3 Bxf3 14. gxf3 Qa5 15. b3 Rfe8 16. a4 Qh5 17. Qe2 1/2-1/2

[Event "SVK-chT2B 1516"]
[Site "Slovakia"]
[Date "2016.01.24"]
[Round "7.6"]
[White "Szeko, Ludovit"]
[Black "Kuna, Martin"]
[Result "0-1"]
[WhiteElo "2040"]
[BlackElo "1790"]
[PlyCount "90"]
[EventDate "2015.10.17"]
[EventType "team-tourn"]
[EventRounds "11"]
[EventCountry "SVK"]
[SourceTitle "EXT 2019"]
[Source "ChessBase"]
[SourceDate "2018.10.10"]
[SourceVersion "1"]
[SourceVersionDate "2018.10.10"]
[SourceQuality "1"]
[WhiteTeam "Podhajska Termal"]
[BlackTeam "Tlmace NSK"]
[WhiteTeamCountry "SVK"]
[BlackTeamCountry "SVK"]

1. e4 c5 2. d4 cxd4 3. c3 Nf6 4. e5 Nd5 5. cxd4 e6 6. Bd3 b6 7. Nf3 Bb7 8. a3 d6 9. 0-0 dxe5 10. dxe5 Be7 11. Re1 Nd7 12. Nbd2 Qc7 13. Ne4 0-0 14. Bg5 Nxe5 15. Nxe5 Qxe5 16. Nf6+ Bxf6 17. Rxe5 Bxe5 18. Qe2 Nf4 19. Bxf4 Bxf4 20. g3 Bg5 21. h4 Bf6 22. Kh2 Rac8 23. h5 Rfd8 24. Rf1 Rc7 25. b3 Rc3 26. Rd1 Rxb3 27. Bxh7+ Kh8 28. Rxd8+ Bxd8 29. Qd1 Rxa3 30. Bc2 Bd5 31. h6 Bf6 32. hxg7+ Kxg7 33. Qg4+ Kf8 34. Qb4+ Be7 35. Qb2 Kg8 36. Kh3 Ra2 37. Qc3 Ra3 38. Qc8+ Kg7 39. Bb1 Bf6 40. f4 Rc3 41. Qd7 Rc1 42. Bd3 Bf3 43. g4 Bc6 44. Qd6 Rh1+ 45. Kg3 Bh4# 0-1

[Event "SVK-chT1W 1516"]
[Site "Slovakia"]
[Date "2015.12.13"]
[Round "6.3"]
[White "Mikulas, Dusan"]
[Black "Szeko, Ludovit"]
[Result "1-0"]
[WhiteElo "2079"]
[BlackElo "2032"]
[PlyCount "68"]
[EventDate "2015.10.24"]
[EventType "team-tourn"]
[EventRounds "11"]
[EventCountry "SVK"]
[SourceTitle "CBM 170 Extra"]
[Source "ChessBase"]
[SourceDate "2016.02.25"]
[SourceVersion "1"]
[SourceVersionDate "2016.02.25"]
[SourceQuality "1"]
[WhiteTeam "Bratislava Slovan II"]
[BlackTeam "Bratislava Lokomotiva"]
[WhiteTeamCountry "SVK"]
[BlackTeamCountry "SVK"]

1. e4 Nf6 2. e5 Nd5 3. d4 d6 4. c4 Nb6 5. exd6 cxd6 6. h3 g6 7. Nc3 Bg7 8. Nf3 0-0 9. Be2 Bf5 10. Be3 d5 11. b3 Nc6 12. c5 Nd7 13. Rc1 Nf6 14. 0-0 Ne4 15. Bd3 Nxc3 16. Rxc3 Qa5 17. Rc1 Bxd3 18. Qxd3 Rad8 19. a3 Qc7 20. b4 e5 21. dxe5 Nxe5 22. Nxe5 Qxe5 23. b5 d4 24. Bd2 Rfe8 25. Rfe1 Qd5 26. Rxe8+ Rxe8 27. Qc4 Qf5 28. c6 Qc8 29. Bf4 h6 30. Qd5 bxc6 31. bxc6 g5 32. Bg3 Bf6 33. c7 Qa6 34. Qd7 Rf8 1-0

[Event "SVK-chT2B 1415"]
[Site "Slovakia"]
[Date "2015.03.08"]
[Round "11.5"]
[White "Capak, Stefan"]
[Black "Szeko, Ludovit"]
[Result "1/2-1/2"]
[WhiteElo "2063"]
[BlackElo "2125"]
[PlyCount "85"]
[EventDate "2014.10.11"]
[EventType "team-tourn"]
[EventRounds "11"]
[EventCountry "SVK"]
[SourceTitle "EXT 2019"]
[Source "ChessBase"]
[SourceDate "2018.10.10"]
[SourceVersion "1"]
[SourceVersionDate "2018.10.10"]
[SourceQuality "1"]
[WhiteTeam "Povazska Bystrica SKS II"]
[BlackTeam "Podhajska Termal"]
[WhiteTeamCountry "SVK"]
[BlackTeamCountry "SVK"]

1. d4 Nf6 2. Nf3 g6 3. g3 Bg7 4. Bg2 0-0 5. 0-0 c5 6. c4 d6 7. dxc5 dxc5 8. Nc3 Qb6 9. Qc2 Nc6 10. Na4 Qc7 11. Be3 b6 12. Bf4 Qb7 13. Ne5 Bd7 14. Rad1 Be8 15. Nc3 Nh5 16. Nxc6 Bxc6 17. Bxc6 Qxc6 18. Bc1 Rad8 19. Rd3 Rd4 20. Nb5 Rxd3 21. Qxd3 Nf6 22. Rd1 h6 23. Nc3 Qb7 24. b3 e6 25. Bb2 h5 26. h4 Ng4 27. Na4 Bxb2 28. Nxb2 Qc7 29. Qd6 Qb7 30. Qd7 Qe4 31. Qd3 Qe5 32. Na4 Qf6 33. f3 Nh6 34. Nc3 Nf5 35. Kf2 Nd4 36. Ne4 Qf5 37. Nd6 Qe5 38. Ne4 Rd8 39. Rd2 Nc6 40. Qc2 Rd4 41. e3 Rxd2+ 42. Qxd2 Kg7 43. Qc3 1/2-1/2

[Event "SVK-chT1W 1011"]
[Site "Slovakia"]
[Date "2010.12.11"]
[Round "3.2"]
[White "Szeko, Ludovit"]
[Black "Petran, Peter"]
[Result "0-1"]
[WhiteElo "2078"]
[BlackElo "2330"]
[PlyCount "78"]
[EventDate "2010.11.06"]
[EventType "team-tourn"]
[EventRounds "11"]
[EventCountry "SVK"]
[SourceTitle "EXT 2012"]
[Source "ChessBase"]
[SourceDate "2011.11.24"]
[SourceVersion "1"]
[SourceVersionDate "2011.11.24"]
[SourceQuality "1"]
[WhiteTeam "Nove Zamky"]
[BlackTeam "Bratislava Slovan II"]
[WhiteTeamCountry "SVK"]
[BlackTeamCountry "SVK"]

1. e4 g6 2. d4 Bg7 3. Be3 d6 4. Nd2 Nf6 5. h3 b6 6. c3 Bb7 7. Qc2 c5 8. dxc5 bxc5 9. Ngf3 0-0 10. Be2 Qc7 11. Nh2 d5 12. Rd1 Nxe4 13. Nxe4 dxe4 14. 0-0 Nd7 15. Qb3 Bc6 16. Rd2 Rab8 17. Qa3 Be5 18. f4 Bd6 19. c4 f5 20. b3 Rfd8 21. g3 e5 22. Rf2 exf4 23. gxf4 Be7 24. Nf1 Qb6 25. Rg2 Kf7 26. Qc1 Nf8 27. Rxd8 Rxd8 28. Qe1 Ne6 29. h4 Nd4 30. h5 Bf6 31. hxg6+ hxg6 32. Qg3 Rg8 33. Kf2 Qd8 34. Rh2 Rh8 35. Rxh8 Qxh8 36. Bxd4 cxd4 37. Qh2 d3 38. Qxh8 Bxh8 39. Bd1 Bd4+ 0-1

[Event "SVK-chT2B 10/11"]
[Site "Slovakia"]
[Date "2010.12.04"]
[Round "3.6"]
[White "Szeko, Ludovit"]
[Black "Tomka, Jan"]
[Result "1-0"]
[WhiteElo "2078"]
[BlackElo "2105"]
[PlyCount "135"]
[EventDate "2010.10.23"]
[EventType "team-tourn"]
[EventRounds "11"]
[EventCountry "SVK"]
[SourceTitle "EXT 2019"]
[Source "ChessBase"]
[SourceDate "2018.10.10"]
[SourceVersion "1"]
[SourceVersionDate "2018.10.10"]
[SourceQuality "1"]
[WhiteTeam "Nove Zamky Basta II"]
[BlackTeam "Topolcianky SK"]
[WhiteTeamCountry "SVK"]
[BlackTeamCountry "SVK"]

1. e4 c5 2. Nf3 g6 3. c3 Bg7 4. d3 Nc6 5. g3 d5 6. Qc2 Nf6 7. Bg2 0-0 8. 0-0 dxe4 9. dxe4 e5 10. Re1 h6 11. a4 Be6 12. Nbd2 Qc7 13. Bf1 Na5 14. b3 Rad8 15. Bb2 Nd7 16. Rac1 Rc8 17. Be2 Rfd8 18. Bd1 Bf8 19. Qb1 Qb6 20. Qc2 Be7 21. Rb1 Bg5 22. Bc1 Qd6 23. Nxg5 hxg5 24. Nf1 f6 25. Ne3 Kg7 26. Be2 Qe7 27. Nd5 Qf7 28. Qd1 Rh8 29. f3 Rh7 30. Rb2 Nc6 31. Be3 Ne7 32. Nxe7 Qxe7 33. Rd2 Rhh8 34. Qc2 Rhd8 35. Red1 b6 36. Ba6 Rb8 37. Bb5 Nf8 38. Bc6 Rxd2 39. Rxd2 Rd8 40. Bd5 Bxd5 41. exd5 Qd6 42. c4 Nd7 43. Rf2 Re8 44. Bd2 a5 45. Qd3 Nb8 46. Qe3 Nd7 47. h4 Rh8 48. hxg5 f5 49. f4 Kf7 50. Bc3 Re8 51. Re2 e4 52. Rh2 Ke7 53. Kf2 Kd8 54. Ke2 Kc8 55. Rh6 Kb7 56. Rh7 Kc8 57. Bb2 Re7 58. Rh6 Re8 59. Qc3 Rg8 60. Ke3 Kb7 61. Qe1 Kc8 62. Qh1 Kb7 63. Rh7 Kc8 64. Rf7 Nf8 65. Rf6 Qd8 66. Qh6 Kb7 67. Be5 Qe8 68. Rc6 1-0

[Event "SVK-chT2B 10/11"]
[Site "Slovakia"]
[Date "2010.10.24"]
[Round "2.1"]
[White "Szeko, Ludovit"]
[Black "Gunis, Juraj"]
[Result "1/2-1/2"]
[WhiteElo "2078"]
[BlackElo "2082"]
[PlyCount "73"]
[EventDate "2010.10.23"]
[EventType "team-tourn"]
[EventRounds "11"]
[EventCountry "SVK"]
[SourceTitle "EXT 2019"]
[Source "ChessBase"]
[SourceDate "2018.10.10"]
[SourceVersion "1"]
[SourceVersionDate "2018.10.10"]
[SourceQuality "1"]
[WhiteTeam "Nove Zamky Basta II"]
[BlackTeam "Partizanske SK Neomax"]
[WhiteTeamCountry "SVK"]
[BlackTeamCountry "SVK"]

1. e4 c5 2. d4 cxd4 3. c3 dxc3 4. Nxc3 d6 5. Bc4 e6 6. Qe2 a6 7. a4 Nc6 8. Nf3 Nge7 9. 0-0 Ng6 10. Rd1 Bd7 11. Bg5 Be7 12. Bxe7 Qxe7 13. Qd2 Nce5 14. Be2 Nxf3+ 15. Bxf3 Ne5 16. Be2 Bc6 17. Qxd6 Qxd6 18. Rxd6 Ke7 19. Rd2 Rhd8 20. Rad1 Rxd2 21. Rxd2 Rd8 22. Rxd8 Kxd8 23. b4 Kc7 24. f4 Ng6 25. g3 f6 26. Kf2 Ne7 27. Ke3 Kd6 28. Bd3 e5 29. Bc2 Bd7 30. Bb3 Be6 31. Bxe6 Kxe6 32. f5+ Kd6 33. h4 Nc6 34. Nd5 b5 35. axb5 axb5 36. g4 Nd4 37. Kf2 1/2-1/2

[Event "Nove Zamky op"]
[Site "Nove Zamky"]
[Date "2010.08.14"]
[Round "6"]
[White "Szeko, Ludovit"]
[Black "Rous, Daniel"]
[Result "1-0"]
[WhiteElo "2107"]
[BlackElo "1906"]
[PlyCount "158"]
[EventDate "2010.08.11"]
[EventType "swiss"]
[EventRounds "7"]
[EventCountry "SVK"]
[SourceTitle "CBM 137 Extra"]
[Source "ChessBase"]
[SourceDate "2010.09.01"]
[SourceVersion "1"]
[SourceVersionDate "2010.09.01"]
[SourceQuality "1"]

1. a3 g6 2. e3 Bg7 3. c4 c5 4. d3 Nf6 5. Nf3 Nc6 6. Be2 0-0 7. 0-0 d5 8. Nbd2 b6 9. Rb1 dxc4 10. Nxc4 Bb7 11. Qc2 Qc7 12. b3 e5 13. Bb2 Rfe8 14. Rfd1 Rad8 15. Ncd2 Qb8 16. Bc3 Nd5 17. Ba1 Qa8 18. Ne1 Bh6 19. Nf1 Bg7 20. Bf3 Rd6 21. Ng3 Red8 22. Ne4 R6d7 23. Nc3 Nxc3 24. Bxc3 Ne7 25. e4 Ba6 26. b4 cxb4 27. axb4 Bb5 28. Ra1 Qc6 29. Qb2 Qc7 30. Be2 Nc6 31. Rdc1 Qd6 32. Bf1 a6 33. Rcb1 Rc7 34. f4 Nd4 35. Bxd4 Qxd4+ 36. Qxd4 Rxd4 37. fxe5 Bf8 38. Nf3 Rxb4 39. d4 Rxb1 40. Rxb1 Bxf1 41. Kxf1 b5 42. Ra1 Ra7 43. d5 Bg7 44. Ke2 a5 45. Kd3 a4 46. d6 Rd7 47. Rb1 a3 48. Rxb5 f6 49. Kc2 fxe5 50. Kb3 Rxd6 51. Kxa3 h6 52. Kb3 Kf7 53. Kc4 Ke6 54. Rb8 Rc6+ 55. Kd3 Rd6+ 56. Ke2 Bf6 57. Rb7 Rd7 58. Rxd7 Kxd7 59. Kd3 Kd6 60. Kc4 Kc6 61. g4 g5 62. Ng1 Kd6 63. Kb5 Ke6 64. Kc6 Bd8 65. Ne2 Bf6 66. Kc7 Be7 67. Ng3 Bb4 68. Nf5 Bd2 69. Nxh6 Bf4 70. h3 Bg3 71. Nf5 Be1 72. Kd8 Bf2 73. Ke8 Be1 74. Kf8 Kf6 75. Kg8 Kg6 76. Ne3 Bd2 77. Nf5 Bf4 78. Kf8 Bd2 79. Ke7 Be3 1-0

[Event "SVK-chT1W 0910"]
[Site "Slovakia"]
[Date "2010.03.07"]
[Round "11.1"]
[White "Szeko, Ludovit"]
[Black "Mikulas, Dusan"]
[Result "1-0"]
[WhiteElo "2115"]
[BlackElo "2210"]
[PlyCount "81"]
[EventDate "2009.10.17"]
[EventType "team"]
[EventRounds "11"]
[EventCountry "SVK"]
[SourceTitle "EXT 2011"]
[Source "ChessBase"]
[SourceDate "2010.11.26"]
[SourceVersion "1"]
[SourceVersionDate "2010.11.26"]
[SourceQuality "1"]
[WhiteTeam "Nove Zamky Basta"]
[BlackTeam "Bratislava Slovan II"]
[WhiteTeamCountry "SVK"]
[BlackTeamCountry "SVK"]

1. e4 e5 2. Bc4 Nf6 3. d3 Nc6 4. Nf3 Be7 5. 0-0 d6 6. Re1 0-0 7. c3 Na5 8. Bb5 a6 9. Ba4 b5 10. Bc2 c5 11. Nbd2 Qc7 12. Nf1 Bd7 13. Ng3 Rac8 14. h3 Rfe8 15. Bd2 h6 16. Qc1 Bf8 17. Nh4 Kh7 18. Nhf5 Ng8 19. Ne3 Be6 20. a4 Nc6 21. Nd5 Bxd5 22. exd5 Nce7 23. d4+ g6 24. dxe5 dxe5 25. axb5 axb5 26. f4 Nxd5 27. f5 Qb6 28. fxg6+ fxg6 29. Rf1 Bg7 30. Qe1 Rf8 31. Qe4 Nge7 32. Rfd1 c4+ 33. Kh2 Nf4 34. Be3 Qc6 35. Ra7 Qe6 36. Rdd7 Rce8 37. Qb7 Nfd5 38. Bc5 Rf7 39. Rd6 Qc8 40. Bxg6+ Kh8 41. Rxd5 1-0

[Event "SVK-chT2B 0910"]
[Site "Slovakia"]
[Date "2010.02.27"]
[Round "10"]
[White "Bakalar, Jan"]
[Black "Szeko, Ludovit"]
[Result "1-0"]
[WhiteElo "2120"]
[BlackElo "2115"]
[PlyCount "101"]
[EventDate "2009.10.10"]
[EventType "team"]
[EventRounds "11"]
[EventCountry "SVK"]
[SourceTitle "EXT 2011"]
[Source "ChessBase"]
[SourceDate "2010.11.26"]
[SourceVersion "1"]
[SourceVersionDate "2010.11.26"]
[SourceQuality "1"]
[WhiteTeam "Bystrica SKS II"]
[BlackTeam "Nove Zamky Basta II"]
[WhiteTeamCountry "SVK"]
[BlackTeamCountry "SVK"]

1. e4 Nf6 2. e5 Nd5 3. d4 d6 4. Nf3 g6 5. Bc4 Nb6 6. Bb3 Bg7 7. exd6 cxd6 8. a4 0-0 9. 0-0 Nc6 10. c3 Bf5 11. Nbd2 Na5 12. Bc2 Bxc2 13. Qxc2 Rc8 14. Qd3 Nd5 15. Re1 Re8 16. Ra3 Qc7 17. Qb5 e6 18. g3 a6 19. Qd3 Bf8 20. Ra2 Qb6 21. Ra3 Rc7 22. b4 Nc6 23. a5 Qa7 24. Bb2 Rec8 25. Nb1 Qb8 26. Rb3 Bg7 27. h4 Nde7 28. h5 d5 29. hxg6 hxg6 30. Bc1 Rd7 31. Ng5 Nf5 32. g4 Nd6 33. Bf4 Qc7 34. Qh3 Re8 35. Qh7+ Kf8 36. Qh4 e5 37. Nh7+ Kg8 38. Bg5 f5 39. Nf6+ Bxf6 40. Bxf6 Rh7 41. Qg5 Kf7 42. Bxe5 Nxe5 43. dxe5 Re6 44. Nd2 fxg4 45. Qxg4 Qe7 46. Nf3 Rh5 47. Qd4 Nf5 48. Qxd5 Kg7 49. b5 Nh4 50. bxa6 Rhxe5 51. Rxe5 1-0

[Event "SVK-chT1W 0910"]
[Site "Slovakia"]
[Date "2010.01.17"]
[Round "7.6"]
[White "Szeko, Ludovit"]
[Black "Bombek, Peter"]
[Result "0-1"]
[WhiteElo "2115"]
[BlackElo "2243"]
[PlyCount "140"]
[EventDate "2009.10.17"]
[EventType "team"]
[EventRounds "11"]
[EventCountry "SVK"]
[SourceTitle "EXT 2011"]
[Source "ChessBase"]
[SourceDate "2010.11.26"]
[SourceVersion "1"]
[SourceVersionDate "2010.11.26"]
[SourceQuality "1"]
[WhiteTeam "Nove Zamky Basta"]
[BlackTeam "Dubnica nad Vahom II"]
[WhiteTeamCountry "SVK"]
[BlackTeamCountry "SVK"]

1. g3 d5 2. Bg2 Nf6 3. Nf3 Bg4 4. 0-0 Nbd7 5. d3 e5 6. Nbd2 Bd6 7. c3 0-0 8. e4 c6 9. Qc2 h6 10. b3 Rc8 11. Bb2 Re8 12. Rfe1 Qb6 13. Nf1 Be6 14. h3 Rcd8 15. Ne3 a5 16. Kh2 Bf8 17. Nd2 Qc7 18. Re2 dxe4 19. dxe4 Nc5 20. c4 Nd3 21. Bc3 Bb4 22. Kg1 Rd7 23. a3 Bxc3 24. Qxc3 Nc5 25. b4 Na6 26. Nb3 axb4 27. axb4 Red8 28. Qe1 Qd6 29. Rb1 Qc7 30. Kh2 g6 31. b5 cxb5 32. Nd5 Bxd5 33. cxd5 Rc8 34. Rc1 Qb8 35. Rec2 Rdc7 36. Rxc7 Rxc7 37. Qe3 Kg7 38. Bf1 Rxc1 39. Nxc1 b4 40. Nb3 Qc7 41. Kg2 Nd7 42. f4 Qc2+ 43. Kf3 Nac5 44. Nxc5 Qxc5 45. Qxc5 Nxc5 46. Ke3 f6 47. fxe5 fxe5 48. Bd3 Kf6 49. Bb1 Ke7 50. Ke2 b6 51. Ke3 Kd6 52. Ke2 Nd7 53. Kd3 Kc5 54. Bc2 Nf6 55. g4 g5 56. Bb3 Nd7 57. Bc2 Nf8 58. Bb3 Ng6 59. Ke3 Nf4 60. Ba2 Nxh3 61. Bb3 Nf4 62. Ba2 h5 63. gxh5 Nxh5 64. Bb3 Nf6 65. Kd3 Ne8 66. Bd1 Nd6 67. Bf3 Nc4 68. Bh5 b3 69. Be2 b2 70. Kc2 Nd2 0-1

[Event "SVK-chT2B 0910"]
[Site "Slovakia"]
[Date "2010.01.09"]
[Round "6"]
[White "Szeko, Ludovit"]
[Black "Szegi, Tamas"]
[Result "0-1"]
[WhiteElo "2115"]
[BlackElo "2187"]
[PlyCount "150"]
[EventDate "2009.10.10"]
[EventType "team"]
[EventRounds "11"]
[EventCountry "SVK"]
[SourceTitle "EXT 2011"]
[Source "ChessBase"]
[SourceDate "2010.11.26"]
[SourceVersion "1"]
[SourceVersionDate "2010.11.26"]
[SourceQuality "1"]
[WhiteTeam "Nove Zamky Basta II"]
[BlackTeam "Kosihy Europress"]
[WhiteTeamCountry "SVK"]
[BlackTeamCountry "SVK"]

1. Nf3 Nf6 2. g3 d5 3. Bg2 g6 4. 0-0 Bg7 5. d3 0-0 6. c3 c5 7. Qc2 Nc6 8. e4 b6 9. Re1 Ba6 10. e5 Ne8 11. d4 Nc7 12. a3 Rc8 13. Be3 cxd4 14. Bxd4 Ne6 15. Qa4 Nexd4 16. cxd4 Bd3 17. Nc3 Na5 18. Rad1 Rc4 19. Rxd3 Rxa4 20. Nxa4 Qd7 21. Nc3 e6 22. Nd2 Rc8 23. Bf1 Bf8 24. Rd1 b5 25. b4 Nc4 26. Nxc4 bxc4 27. R3d2 a5 28. Rb1 Rb8 29. Rdb2 Qa7 30. Ne2 c3 31. Nxc3 Qxd4 32. Nb5 Qxe5 33. bxa5 Ra8 34. Re2 Qf5 35. Rb3 Rxa5 36. Nd4 Qf6 37. Nc2 Bc5 38. Kg2 Qe7 39. Nb4 Qe8 40. Reb2 Kg7 41. Rb1 Qa8 42. Nd3 Bd6 43. Rb6 Qf8 44. Rb7 Rxa3 45. Rd7 Ra2 46. Rb6 Bc5 47. Rc6 Bd4 48. Rxe6 Ra7 49. Rxa7 Bxa7 50. Ra6 Qe7 51. Kg1 Bd4 52. Ra5 Qe4 53. Rb5 h5 54. Rb1 g5 55. Re1 Qf3 56. Be2 Qf5 57. Kg2 h4 58. f3 h3+ 59. Kf1 Qe6 60. Bd1 Qa6 61. Be2 Qa2 62. Nf2 Bxf2 63. Kxf2 Qa7+ 64. Kf1 Qe3 65. Rd1 g4 66. Rd3 Qc1+ 67. Rd1 Qc2 68. Rd3 gxf3 69. Rxf3 Qc1+ 70. Kf2 Qh1 71. Bf1 Qxh2+ 72. Ke3 Qg1+ 73. Rf2 h2 74. Bg2 d4+ 75. Kf3 h1Q 0-1